| 000 | 00813cab a2200241 4500 | ||
|---|---|---|---|
| 001 | ABS45348 | ||
| 008 | 090401t1991 xxu||||| |||| 00| 0 eng d | ||
| 035 | _a(Sirsi) u52476 | ||
| 041 | _aeng | ||
| 100 | _aSilverman, F. | ||
| 245 | _aMaking the protocol work | ||
| 260 | _c1991 | ||
| 350 | _a0 | ||
| 490 |
_aLaw Society`s Gazette _v88(38) 23 October 1991, 27-31(3) |
||
| 520 | _aConsiders discrepancies between the Law Society`s protocol for conveyancing and the standard conditions especially in the light of authorised practitioners being in practice soon under Courts and Legal Services Act. | ||
| 650 | _aCONVEYANCING | ||
| 650 | _aLAW SOCIETY | ||
| 650 | _aNATIONAL CONVEYANCING PROTOCOL | ||
| 650 | _aTRANSACTION | ||
| 690 | _aPROPERTY LAW AND PRACTICE | ||
| 942 | _n0 | ||
| 948 | _c04/03/1997 | ||
| 999 |
_c32497 _d32497 |
||